[Event "Arber op 6th"]
[Site "Bodenmais"]
[Date "2017.08.01"]
[Round "4"]
[White "Kelemen, Norbert"]
[Black "Gehrke, Korbinian"]
[Result "1-0"]
[WhiteElo "1683"]
[BlackElo "1265"]
[PlyCount "119"]
[EventDate "2017.07.29"]
[EventType "swiss"]
[EventRounds "9"]
[EventCountry "GER"]
[SourceTitle "CBM 179 Extra"]
[Source "ChessBase"]
[SourceDate "2017.08.23"]
[SourceVersion "1"]
[SourceVersionDate "2017.08.23"]
[SourceQuality "1"]

1. c4 e5 2. g3 Nc6 3. Nc3 b6 4. Bg2 Bb7 5. Nf3 Bc5 6. Nxe5 Qf6 7. Nf3 Nd4 8. 0-0 0-0-0 9. Nxd4 Qxd4 10. d3 Bxg2 11. Kxg2 Ne7 12. Nb5 Qf6 13. Nxa7+ Kb7 14. Nb5 c6 15. Nc3 Bb4 16. Qb3 Bd6 17. Be3 Bc7 18. Na4 c5 19. Nxc5+ Kc8 20. Na4 Qc6+ 21. Kg1 Kb7 22. Rfc1 Ra8 23. Nc3 Nc8 24. Nd5 Bd8 25. a4 Ra5 26. Bd2 Ra7 27. a5 d6 28. axb6 Rxa1 29. Rxa1 Nxb6 30. Be3 Bc7 31. Bxb6 Bxb6 32. Ra6 Kxa6 33. Nb4+ Kb7 34. Nxc6 Kxc6 35. Qb5+ Kc7 36. Qd5 Rf8 37. Qg5 Re8 38. e3 g6 39. Qf6 Ra8 40. Qxf7+ Kb8 41. Qg8+ Kb7 42. Qd5+ Ka7 43. Qxd6 Kb7 44. c5 Bc7 45. Qd5+ Kb8 46. b4 h5 47. Qg8+ Kb7 48. Qxg6 h4 49. Qe4+ Kb8 50. Qxh4 Ra1+ 51. Kg2 Ra2 52. b5 Rxf2+ 53. Kxf2 Kb7 54. Qe4+ Kb8 55. h4 Kc8 56. b6 Kb8 57. bxc7+ Ka7 58. c8R Ka6 59. Rb8 Ka7 60. Qa8# 1-0

[Event "GER-ch 2013-E-F serv"]
[Site "GER email"]
[Date "2015.04.05"]
[Round "?"]
[White "Kelemen, Norbert"]
[Black "Klapp, Herwig"]
[Result "1/2-1/2"]
[WhiteElo "2087"]
[BlackElo "2065"]
[PlyCount "48"]
[EventDate "2015.04.15"]
[EventType "tourn (corr)"]
[EventRounds "6"]
[EventCountry "GER"]
[SourceTitle "Corr 2020"]
[Source "ChessBase"]
[SourceDate "2019.09.30"]
[SourceVersion "1"]
[SourceVersionDate "2019.09.30"]
[SourceQuality "1"]

1. e4 e5 2. Nf3 Nc6 3. Bb5 a6 4. Bxc6 dxc6 5. 0-0 Qd6 6. Na3 Be6 7. Qe2 f6 8. Rd1 Bg4 9. d4 0-0-0 10. Be3 Qe6 11. dxe5 Rxd1+ 12. Qxd1 Bxa3 13. bxa3 fxe5 14. Ng5 Bxd1 15. Nxe6 Bxc2 16. f3 b6 17. Rc1 Ba4 18. Nxg7 Nf6 19. Nf5 Kd7 20. Rc4 Bb5 21. Rc2 c5 22. Rd2+ Ke6 23. g4 Rg8 24. Kf2 Bc6 1/2-1/2

[Event "GER MS-198 email"]
[Site "GER email"]
[Date "2014.07.07"]
[Round "?"]
[White "Kelemen, Norbert"]
[Black "Hinz, Juergen"]
[Result "1/2-1/2"]
[WhiteElo "2073"]
[BlackElo "2028"]
[PlyCount "61"]
[EventDate "2014.06.20"]
[EventType "tourn (corr)"]
[EventRounds "6"]
[EventCountry "GER"]
[SourceTitle "Corr 2020"]
[Source "ChessBase"]
[SourceDate "2019.09.30"]
[SourceVersion "1"]
[SourceVersionDate "2019.09.30"]
[SourceQuality "1"]

1. e4 c5 2. Nf3 e6 3. d4 cxd4 4. Nxd4 Nc6 5. Nc3 Qc7 6. Be3 h6 7. Qd2 a6 8. f4 b5 9. Nxc6 Qxc6 10. a3 Bb7 11. Be2 b4 12. axb4 Bxb4 13. Bf3 Nf6 14. e5 Nd5 15. 0-0 Qc8 16. Bd4 Nxc3 17. Bxb7 Qxb7 18. bxc3 Be7 19. Qd3 a5 20. Rfb1 Qc7 21. Qf3 0-0 22. Rb7 Qc8 23. f5 exf5 24. Qd5 Rd8 25. Rf1 a4 26. Rxf5 Rf8 27. Rxd7 Ra5 28. Qb7 Qxb7 29. Rxb7 Re8 30. Rf1 a3 31. Ra1 1/2-1/2

[Event "GER MS-198 email"]
[Site "GER email"]
[Date "2014.06.11"]
[Round "?"]
[White "Jeute, Volkmar Peter"]
[Black "Kelemen, Norbert"]
[Result "0-1"]
[WhiteElo "1988"]
[BlackElo "2073"]
[PlyCount "100"]
[EventDate "2014.06.20"]
[EventType "tourn (corr)"]
[EventRounds "6"]
[EventCountry "GER"]
[SourceTitle "Corr 2020"]
[Source "ChessBase"]
[SourceDate "2019.09.30"]
[SourceVersion "1"]
[SourceVersionDate "2019.09.30"]
[SourceQuality "1"]

1. d4 Nf6 2. Nf3 e6 3. e3 b6 4. Bd3 Bb7 5. Nbd2 c5 6. 0-0 Nc6 7. c3 d5 8. Ne5 Bd6 9. f4 0-0 10. Qf3 Ne7 11. g4 a5 12. a4 Rc8 13. g5 Nd7 14. Qh3 Nf5 15. Bxf5 exf5 16. Qxf5 Nxe5 17. dxe5 Be7 18. Nf3 Rc7 19. Rf2 Bc8 20. Qc2 Qd7 21. Rg2 Bb7 22. Rg3 Rd8 23. Qd3 Qc8 24. Bd2 Ba6 25. Qb1 Be2 26. b3 Qb7 27. Rh3 g6 28. Kf2 Qa6 29. Rg3 Bd3 30. Qd1 Be4 31. Be1 c4 32. Nd4 cxb3 33. Qxb3 Rc4 34. Ra2 Rb8 35. Nb5 Bc5 36. h4 Qc8 37. Rd2 Qf5 38. Ke2 h6 39. Bf2 Rc8 40. gxh6 Kh7 41. Kf1 Qh5 42. Ke1 Bb4 43. Qd1 Qxh6 44. cxb4 Rc1 45. bxa5 Rxd1+ 46. Rxd1 bxa5 47. Rg5 Bf3 48. Ra1 Qf8 49. Nd6 Rc2 50. Rb1 Qa8 0-1

[Event "GER MS-198 email"]
[Site "GER email"]
[Date "2014.06.11"]
[Round "?"]
[White "Kelemen, Norbert"]
[Black "Hebel, Erich"]
[Result "1/2-1/2"]
[WhiteElo "2073"]
[BlackElo "1977"]
[PlyCount "126"]
[EventDate "2014.06.20"]
[EventType "tourn (corr)"]
[EventRounds "6"]
[EventCountry "GER"]
[SourceTitle "Corr 2020"]
[Source "ChessBase"]
[SourceDate "2019.09.30"]
[SourceVersion "1"]
[SourceVersionDate "2019.09.30"]
[SourceQuality "1"]

1. e4 e5 2. Nf3 Nc6 3. Bb5 a6 4. Ba4 Nf6 5. 0-0 Be7 6. d3 d6 7. c3 0-0 8. Re1 b5 9. Bc2 d5 10. Nbd2 Bg4 11. h3 Bh5 12. g4 Bg6 13. Nh4 d4 14. Ndf3 Bc5 15. a3 dxc3 16. bxc3 Qd7 17. Bb2 h5 18. d4 hxg4 19. Ng5 exd4 20. Nxg6 fxg6 21. e5 dxc3 22. exf6 Qxd1 23. Raxd1 cxb2 24. Bb3+ Kh8 25. fxg7+ Kxg7 26. Ne6+ Kh6 27. Nxc5 g3 28. fxg3 Rf3 29. Bd5 Rxg3+ 30. Kh2 Rc3 31. Bxc6 Rh8 32. Rb1 Rxc5 33. Be4 Re8 34. Rxb2 Rce5 35. Rbe2 c5 36. Bd3 Rxe2+ 37. Rxe2 Rd8 38. Re3 c4 39. Be2 Rc8 40. Rc3 Kg5 41. Kg3 Kf6 42. Kf2 Ke5 43. Ke3 Rd8 44. Rc1 Rd4 45. Rg1 Re4+ 46. Kd2 Kd4 47. Bd1 Rf4 48. Rxg6 Rf2+ 49. Kc1 a5 50. Rb6 Kc5 51. Ra6 a4 52. Rg6 Rh2 53. Rg5+ Kb6 54. Rg3 Rh1 55. h4 Rxh4 56. Kb2 Rd4 57. Bc2 Rd2 58. Rg6+ Ka5 59. Kc3 Re2 60. Rg8 Kb6 61. Rg5 Ka5 62. Rg8 Kb6 63. Rg3 Ka5 1/2-1/2

[Event "GER MS-198 email"]
[Site "GER email"]
[Date "2014.06.11"]
[Round "?"]
[White "Kelemen, Norbert"]
[Black "Jankowiak, Andreas"]
[Result "1/2-1/2"]
[WhiteElo "2073"]
[BlackElo "2056"]
[PlyCount "76"]
[EventDate "2014.06.20"]
[EventType "tourn (corr)"]
[EventRounds "6"]
[EventCountry "GER"]
[SourceTitle "Corr 2020"]
[Source "ChessBase"]
[SourceDate "2019.09.30"]
[SourceVersion "1"]
[SourceVersionDate "2019.09.30"]
[SourceQuality "1"]

1. e4 c5 2. Nf3 Nc6 3. Nc3 Nf6 4. Bb5 g6 5. h3 Bg7 6. e5 Ng8 7. Bxc6 dxc6 8. d3 Nh6 9. Be3 Qa5 10. g4 f5 11. exf6 exf6 12. Nd2 0-0 13. Nb3 Qc7 14. Qd2 Nf7 15. Nxc5 f5 16. gxf5 Ne5 17. 0-0-0 Nf3 18. Qe2 Rxf5 19. N5e4 Be6 20. h4 Raf8 21. Kb1 b6 22. d4 b5 23. b3 b4 24. Ng5 Nxg5 25. Bxg5 Qd7 26. Rhe1 Bxb3 27. axb3 bxc3 28. Qc4+ Qd5 29. Qxc3 a5 30. Qe3 Rxf2 31. Kc1 Qb5 32. Be7 Qf5 33. Qd3 Qxd3 34. Rxd3 Re8 35. Bb4 Rxe1+ 36. Bxe1 Rf4 37. d5 cxd5 38. Rxd5 a4 1/2-1/2

[Event "GER-ch 2013-E-V4 serv"]
[Site "GER email"]
[Date "2013.11.05"]
[Round "?"]
[White "Kelemen, Norbert"]
[Black "Roeckendorf, Paul Uwe"]
[Result "1/2-1/2"]
[WhiteElo "1978"]
[BlackElo "2126"]
[PlyCount "55"]
[EventDate "2013.11.15"]
[EventType "tourn (corr)"]
[EventRounds "6"]
[EventCountry "GER"]
[SourceTitle "Corr 2015"]
[Source "ChessBase"]
[SourceDate "2015.07.17"]
[SourceVersion "1"]
[SourceVersionDate "2015.07.17"]
[SourceQuality "1"]

1. c4 Nf6 2. g3 e6 3. Nf3 d5 4. d4 Be7 5. Bg2 0-0 6. 0-0 dxc4 7. Ne5 Nc6 8. Bxc6 bxc6 9. Nxc6 Qe8 10. Nxe7+ Qxe7 11. Qa4 e5 12. dxe5 Qxe5 13. Nc3 Nd5 14. Qb5 c6 15. Qxc4 Nxc3 16. Qxc3 Qxe2 17. Re1 Qg4 18. Bf4 Be6 19. Qxc6 Rac8 20. Qe4 Rfd8 21. Qe2 Qf5 22. a3 h6 23. Rad1 Rxd1 24. Qxd1 Rc2 25. Qd8+ Kh7 26. Qd4 Bc8 27. Re5 Qg6 28. h4 1/2-1/2

[Event "GER MS-162 email"]
[Site "GER email"]
[Date "2012.07.01"]
[Round "?"]
[White "Kelemen, Norbert"]
[Black "Even, Roland"]
[Result "1-0"]
[WhiteElo "1970"]
[BlackElo "2127"]
[PlyCount "101"]
[EventDate "2012.07.09"]
[EventType "tourn (corr)"]
[EventRounds "6"]
[EventCountry "GER"]
[SourceTitle "Corr 2015"]
[Source "ChessBase"]
[SourceDate "2015.07.17"]
[SourceVersion "1"]
[SourceVersionDate "2015.07.17"]
[SourceQuality "1"]

1. c4 e5 2. g3 Nf6 3. Bg2 d5 4. cxd5 Nxd5 5. Nc3 Nb6 6. Nf3 Nc6 7. 0-0 Be7 8. a3 0-0 9. d3 Be6 10. Be3 f5 11. Rc1 a6 12. Na4 Nxa4 13. Qxa4 Bf6 14. Nd2 Bd5 15. Rc5 Bxg2 16. Kxg2 Kh8 17. Nf3 Qe8 18. Rfc1 Be7 19. R5c2 Bd6 20. Qb3 Rb8 21. d4 exd4 22. Bxd4 Nxd4 23. Nxd4 Qe4+ 24. Nf3 f4 25. Rd1 Rf6 26. Rd4 Qg6 27. Rcd2 Qf5 28. Rd5 Qg6 29. Rg5 Qe4 30. g4 Re8 31. Rgd5 b6 32. Qc2 Qxc2 33. Rxc2 Kg8 34. h4 Rg6 35. h5 Rge6 36. Nd4 Re5 37. Rxe5 Rxe5 38. Nf5 Rc5 39. Rd2 Bf8 40. Rd7 Rc2 41. Kf3 g5 42. b4 Ra2 43. Rxc7 Rxa3+ 44. Ke4 Ra2 45. Ke5 Rxe2+ 46. Kf6 Re8 47. Kxg5 Bxb4 48. Kxf4 Bd2+ 49. Kg3 Rf8 50. f4 Kh8 51. h6 1-0

[Event "GER HS-106 email"]
[Site "GER email"]
[Date "2011.07.07"]
[Round "?"]
[White "Kelemen, Norbert"]
[Black "Krause, Norbert"]
[Result "1/2-1/2"]
[WhiteElo "1810"]
[BlackElo "1888"]
[PlyCount "91"]
[EventDate "2011.07.06"]
[EventType "tourn (corr)"]
[EventRounds "6"]
[EventCountry "GER"]
[SourceTitle "Corr 2015"]
[Source "ChessBase"]
[SourceDate "2015.07.17"]
[SourceVersion "1"]
[SourceVersionDate "2015.07.17"]
[SourceQuality "1"]
[WhiteTeam "Germany"]
[BlackTeam "Latvia"]
[WhiteTeamCountry "GER"]
[BlackTeamCountry "LAT"]

1. e4 e5 2. Nf3 Nc6 3. Bb5 a6 4. Ba4 Nf6 5. 0-0 Be7 6. Re1 b5 7. Bb3 d6 8. c3 0-0 9. d4 Bg4 10. d5 Na5 11. Bc2 c6 12. h3 Bxf3 13. Qxf3 cxd5 14. exd5 Nc4 15. Nd2 Nb6 16. Nf1 Nbxd5 17. Ng3 Re8 18. Nf5 Bf8 19. Bb3 e4 20. Qg3 g6 21. Bg5 Qd7 22. Ne3 Nxe3 23. Qxe3 Be7 24. Rad1 Rad8 25. Qf4 Qf5 26. g4 Qe5 27. Re2 h5 28. gxh5 gxh5 29. Kh1 Qxf4 30. Bxf4 d5 31. Be5 Kh7 32. Bxf6 Bxf6 33. Rxd5 Kg6 34. Rc5 Be7 35. Rc6+ Rd6 36. Bd5 f5 37. f3 Rxc6 38. Bxc6 Rc8 39. Bd5 e3 40. Rxe3 Rd8 41. Bb3 Bg5 42. Re6+ Bf6 43. Rxa6 Rd2 44. c4 bxc4 45. Bxc4 Rxb2 46. Rd6 1/2-1/2

[Event "GER HS-106 email"]
[Site "GER email"]
[Date "2011.07.07"]
[Round "?"]
[White "Kern, Manfred"]
[Black "Kelemen, Norbert"]
[Result "0-1"]
[WhiteElo "1851"]
[BlackElo "1810"]
[PlyCount "76"]
[EventDate "2011.07.06"]
[EventType "tourn (corr)"]
[EventRounds "6"]
[EventCountry "GER"]
[SourceTitle "Corr 2015"]
[Source "ChessBase"]
[SourceDate "2015.07.17"]
[SourceVersion "1"]
[SourceVersionDate "2015.07.17"]
[SourceQuality "1"]
[WhiteTeam "Germany"]
[BlackTeam "Latvia"]
[WhiteTeamCountry "GER"]
[BlackTeamCountry "LAT"]

1. e4 c5 2. Nf3 Nc6 3. d4 cxd4 4. Nxd4 Qc7 5. Nc3 e6 6. Be3 Nf6 7. Qf3 a6 8. 0-0-0 Be7 9. Be2 0-0 10. g4 b5 11. g5 Ne8 12. Rhg1 Bb7 13. Nxc6 Bxc6 14. Bd3 g6 15. Qg4 Rc8 16. Kb1 b4 17. Ne2 d5 18. exd5 Bxd5 19. Nf4 Bb7 20. Ne2 Ng7 21. Ng3 Rfd8 22. h4 Bd5 23. h5 f5 24. gxf6 Bxf6 25. Ne4 Bxa2+ 26. Ka1 Be5 27. Bc5 Bd5 28. Bxb4 Rb8 29. c3 a5 30. Ba3 Rb3 31. Rc1 Rdb8 32. Qe2 Nxh5 33. Qc2 Rxa3+ 34. bxa3 Bxe4 35. Bxe4 Qc5 36. Ka2 Qc4+ 37. Ka1 Rb3 38. Qd2 Rxa3+ 0-1

[Event "Ulm/Neu Ulm-ch"]
[Site "Ulm/Neu Ulm"]
[Date "2006.11.17"]
[Round "5"]
[White "Kelemen, Norbert"]
[Black "Mueller, Philipp"]
[Result "0-1"]
[WhiteElo "1582"]
[BlackElo "1768"]
[PlyCount "94"]
[EventDate "2006.09.22"]
[EventType "swiss"]
[EventRounds "7"]
[EventCountry "GER"]
[SourceTitle "EXT 2011"]
[Source "ChessBase"]
[SourceDate "2010.11.26"]
[SourceVersion "1"]
[SourceVersionDate "2010.11.26"]
[SourceQuality "1"]

1. e4 c5 2. Nf3 d6 3. d4 cxd4 4. Nxd4 Nf6 5. Nc3 a6 6. Be3 e6 7. Be2 Be7 8. Qd2 Qc7 9. f3 0-0 10. 0-0-0 Nc6 11. g4 Ne5 12. h4 Nfd7 13. h5 Nb6 14. Nb3 Nbc4 15. Qd4 Nxe3 16. Qxe3 Bd7 17. h6 g6 18. f4 Nc6 19. Nd4 Qb6 20. Rh3 Nxd4 21. Qxd4 Qxd4 22. Rxd4 Bc6 23. Rd1 Rad8 24. Re3 Bf6 25. Red3 Bxc3 26. bxc3 Bxe4 27. Rxd6 Rxd6 28. Rxd6 Rc8 29. Kb2 Kf8 30. Bd3 Bf3 31. g5 Ke7 32. Rd4 Bc6 33. Kb3 f6 34. Be4 fxg5 35. fxg5 Bxe4 36. Rxe4 Rc5 37. Rc4 Rxc4 38. Kxc4 Kd6 39. Kd4 e5+ 40. Ke4 b5 41. a3 Ke6 42. Kd3 Kd5 43. Ke3 e4 44. Ke2 Ke5 45. Ke3 a5 46. c4 bxc4 47. c3 a4 0-1

[Event "Ulm/Neu Ulm-ch"]
[Site "Ulm/Neu Ulm"]
[Date "2006.10.20"]
[Round "3"]
[White "Haitov, Haim"]
[Black "Kelemen, Norbert"]
[Result "0-1"]
[WhiteElo "1462"]
[BlackElo "1582"]
[PlyCount "106"]
[EventDate "2006.09.22"]
[EventType "swiss"]
[EventRounds "7"]
[EventCountry "GER"]
[SourceTitle "EXT 2011"]
[Source "ChessBase"]
[SourceDate "2010.11.26"]
[SourceVersion "1"]
[SourceVersionDate "2010.11.26"]
[SourceQuality "1"]

1. c4 c5 2. Nf3 Nf6 3. d4 cxd4 4. Nxd4 b6 5. Nc3 e6 6. a3 Bb7 7. Bf4 a6 8. Qc2 d6 9. Nf3 Nbd7 10. e4 Nc5 11. e5 Nh5 12. Be3 Bxf3 13. gxf3 dxe5 14. Bg2 Nf4 15. Bxf4 exf4 16. 0-0 Qc7 17. b4 Nd7 18. Qe4 Rc8 19. Rac1 Be7 20. Ne2 0-0 21. Kh1 Qe5 22. Qc2 Rc7 23. Qd3 Rd8 24. Rfd1 Qg5 25. Qe4 Nf6 26. Rxd8+ Bxd8 27. Qa8 Rd7 28. Ng1 Qe5 29. c5 Qd5 30. c6 Rc7 31. Qxa6 Rxc6 32. Rxc6 Qxc6 33. Qd3 Nd5 34. Ne2 Bf6 35. h3 h6 36. Kh2 Kf8 37. Bf1 Ke7 38. Nd4 Qc3 39. Qxc3 Nxc3 40. Nc6+ Kd6 41. b5 Kc5 42. Na7 Be5 43. Bd3 Bb8 44. Nc8 Nxb5 45. Bxb5 Kxb5 46. a4+ Kc6 47. Ne7+ Kd7 48. Ng8 Ke8 49. h4 Kf8 50. Nxh6 gxh6 51. Kg2 Ke7 52. Kf1 Kd6 53. Ke2 Kc5 0-1

[Event "Ulm/Neu Ulm-ch"]
[Site "Ulm/Neu Ulm"]
[Date "2005.??.??"]
[Round "?"]
[White "Kelemen, Norbert"]
[Black "Spaeth, Daniel"]
[Result "1/2-1/2"]
[WhiteElo "1570"]
[BlackElo "1651"]
[PlyCount "35"]
[EventDate "2005.11.26"]
[EventType "swiss"]
[EventRounds "7"]
[EventCountry "GER"]
[SourceTitle "EXT 2011"]
[Source "ChessBase"]
[SourceDate "2010.11.26"]
[SourceVersion "1"]
[SourceVersionDate "2010.11.26"]
[SourceQuality "1"]

1. e4 e6 2. d4 d5 3. e5 c5 4. c3 Nc6 5. Nf3 Qb6 6. b3 Bd7 7. Bb2 cxd4 8. cxd4 Nh6 9. Bd3 Nb4 10. Nc3 Nxd3+ 11. Qxd3 Rc8 12. 0-0 Bb4 13. Rfc1 Nf5 14. Na4 Rxc1+ 15. Rxc1 Qa5 16. a3 Be7 17. Nc5 Bc6 18. b4 1/2-1/2

[Event "Ulm/Neu Ulm-ch"]
[Site "Ulm/Neu Ulm"]
[Date "2004.12.10"]
[Round "7"]
[White "Geisdorf, Uwe"]
[Black "Kelemen, Norbert"]
[Result "1-0"]
[WhiteElo "1650"]
[BlackElo "1542"]
[PlyCount "86"]
[EventDate "2004.09.17"]
[EventType "swiss"]
[EventRounds "7"]
[EventCountry "GER"]
[SourceTitle "EXT 2011"]
[Source "ChessBase"]
[SourceDate "2010.11.26"]
[SourceVersion "1"]
[SourceVersionDate "2010.11.26"]
[SourceQuality "1"]

1. d4 Nf6 2. c4 e6 3. Nc3 Bb4 4. a3 Bxc3+ 5. bxc3 b6 6. Bg5 Bb7 7. Bxf6 Qxf6 8. Qc2 d5 9. e3 Nd7 10. cxd5 Bxd5 11. e4 Qg6 12. f3 Bb7 13. Bd3 e5 14. Nh3 Qd6 15. d5 Rc8 16. c4 Nc5 17. 0-0 0-0 18. Rae1 c6 19. f4 cxd5 20. cxd5 exf4 21. Qd1 Qe5 22. Bb1 g5 23. Qg4 f6 24. Nxf4 Qd4+ 25. Kh1 Ba6 26. Ne6 Nxe6 27. Qxe6+ Kg7 28. Rg1 Qc5 29. e5 Qc3 30. Qf5 Rh8 31. d6 Rce8 32. exf6+ Qxf6 33. Qd7+ Qf7 34. Re7 Rxe7 35. dxe7 Bc8 36. Qd4+ Qf6 37. Qe4 Re8 38. Re1 Kf7 39. Ba2+ Kg7 40. Kg1 h5 41. Qe3 Kg6 42. a4 Bg4 43. Kh1 Qd6 1-0

[Event "Ulm/Neu Ulm-ch"]
[Site "Ulm/Neu Ulm"]
[Date "2004.10.29"]
[Round "4"]
[White "Kelemen, Norbert"]
[Black "Pletz, Bernd"]
[Result "1/2-1/2"]
[WhiteElo "1542"]
[BlackElo "1270"]
[PlyCount "54"]
[EventDate "2004.09.17"]
[EventType "swiss"]
[EventRounds "7"]
[EventCountry "GER"]
[SourceTitle "EXT 2011"]
[Source "ChessBase"]
[SourceDate "2010.11.26"]
[SourceVersion "1"]
[SourceVersionDate "2010.11.26"]
[SourceQuality "1"]

1. e4 c5 2. Nf3 d6 3. d4 cxd4 4. Nxd4 Bd7 5. Nc3 e6 6. Be2 Nf6 7. 0-0 Be7 8. Be3 Nc6 9. f4 Nxd4 10. Qxd4 0-0 11. Rad1 Bc6 12. Bf3 Qc7 13. Qc4 a6 14. a4 b6 15. Ne2 Qb7 16. Nc3 Rac8 17. Qd4 Rb8 18. e5 Bxf3 19. Rxf3 dxe5 20. fxe5 Bc5 21. Qh4 Bxe3+ 22. Rxe3 Nd7 23. Rh3 h6 24. Rg3 Kh7 25. Qg4 Rg8 26. Qf4 Rgf8 27. Ne4 Nc5 1/2-1/2

[Event "Ulm/Neu Ulm-ch"]
[Site "Ulm/Neu Ulm"]
[Date "2004.10.01"]
[Round "2"]
[White "Kelemen, Norbert"]
[Black "Gonzalez, Jose1"]
[Result "0-1"]
[WhiteElo "1542"]
[BlackElo "1697"]
[PlyCount "84"]
[EventDate "2004.09.17"]
[EventType "swiss"]
[EventRounds "7"]
[EventCountry "GER"]
[SourceTitle "EXT 2011"]
[Source "ChessBase"]
[SourceDate "2010.11.26"]
[SourceVersion "1"]
[SourceVersionDate "2010.11.26"]
[SourceQuality "1"]

1. e4 d6 2. d4 g6 3. Nf3 Bg7 4. c3 Nf6 5. Bd3 0-0 6. 0-0 Bg4 7. h3 Bxf3 8. Qxf3 Nbd7 9. Bg5 c5 10. Nd2 Qc7 11. Rac1 a6 12. b4 b5 13. Bf4 c4 14. Bc2 a5 15. a3 axb4 16. axb4 Nh5 17. Bg5 f6 18. Be3 Bh8 19. Ra1 e5 20. Qg4 Ng7 21. Bh6 exd4 22. Bxg7 Bxg7 23. Qe6+ Kh8 24. cxd4 Rae8 25. Qd5 Rb8 26. Ra5 Qb6 27. Nf3 f5 28. exf5 Nf6 29. Qe6 Rbe8 30. Qxe8 Rxe8 31. fxg6 Nd5 32. Rfa1 Nxb4 33. Ra8 Qc6 34. R8a7 Nxc2 35. R1a6 Qe4 36. gxh7 Nxd4 37. Ng5 Qe1+ 38. Kh2 Qe5+ 39. g3 Qxg5 40. Rxd6 Nf3+ 41. Kg2 Nh4+ 42. Kh2 Qe5 0-1